| 000 | 01439nas1a22003611i 4500 | ||
|---|---|---|---|
| 001 | RU\NLR\INFOCOMM17\1000319166 | ||
| 005 | 20240723081754.0 | ||
| 035 | _a(NLR Aleph) 002279287 | ||
| 090 |
_a4026431 _c4026431 |
||
| 100 | _a20031202c1966 |||y0rusy50 ca | ||
| 101 | 0 | _arus | |
| 102 | _aRU | ||
| 110 | _aayu||||0|y0 | ||
| 200 | 1 |
_aТруды Института _fАкустический ин-т |
|
| 207 | 1 | _aВып.1- | |
| 210 |
_a[М.] _d1966- |
||
| 309 | _aОтпеч.множит.аппаратом | ||
| 440 | 1 |
_12001#$aТруды Акустического института _tТруды Акустического института |
|
| 710 | 0 | 2 |
_aАкустический институт им. Н.Н. Андреева _cМосква _4070 |
| 801 | 1 |
_aRU _bInfoComm _c20031202 |
|
| 801 | 0 |
_aRU _bNLR _gPSBO |
|
| 852 |
_aNLR _jП11/2676 |
||
| 942 | _cJOURNAL | ||
| 980 | _aRUSPER | ||